[Event "Hasselbacken op"]
[Site "Stockholm"]
[Date "2017.11.03"]
[Round "1"]
[White "Karlsson, Lars"]
[Black "Eriksson, Hans G"]
[Result "1-0"]
[WhiteElo "2459"]
[BlackElo "1885"]
[PlyCount "67"]
[EventDate "2017.11.03"]
[EventType "swiss"]
[EventRounds "8"]
[EventCountry "SWE"]
[SourceTitle "CBM 181 Extra"]
[Source "ChessBase"]
[SourceDate "2017.12.12"]
[SourceVersion "1"]
[SourceVersionDate "2017.12.12"]
[SourceQuality "1"]

1. g3 g6 2. Bg2 Bg7 3. c4 Nf6 4. Nc3 0-0 5. e4 d6 6. Nge2 c5 7. a3 Nc6 8. Rb1 Rb8 9. b4 cxb4 10. axb4 Ne5 11. d3 Bg4 12. h3 Bf3 13. 0-0 Bxg2 14. Kxg2 Nfd7 15. Be3 b6 16. b5 Nf6 17. Na2 Rb7 18. f4 Ned7 19. Nb4 Nb8 20. Nd4 Rc7 21. Qf3 Re8 22. e5 Nfd7 23. e6 Nc5 24. f5 fxe6 25. Nxe6 Nxe6 26. fxe6 Rf8 27. Qe4 Rf6 28. Nd5 Rxf1 29. Rxf1 Rc5 30. Bxc5 bxc5 31. Rf7 Qa5 32. Nxe7+ Kh8 33. Qa8 Qb6 34. Nd5 1-0

[Event "Hallstahammar op"]
[Site "Hallstahammar"]
[Date "2004.09.12"]
[Round "8"]
[White "Eriksson, Hans G"]
[Black "Alexan, Vartan"]
[Result "1-0"]
[WhiteElo "1737"]
[BlackElo "1490"]
[PlyCount "139"]
[EventDate "2004.09.10"]
[EventType "swiss"]
[EventRounds "8"]
[EventCountry "SWE"]
[SourceTitle "EXT 2005"]
[Source "ChessBase"]
[SourceDate "2004.11.15"]
[SourceVersion "1"]
[SourceVersionDate "2004.11.15"]
[SourceQuality "1"]

1. Nf3 d5 2. c4 Nf6 3. g3 dxc4 4. Qc2 Nbd7 5. Na3 Nb6 6. Bg2 g6 7. Nxc4 Nxc4 8. Qxc4 c6 9. 0-0 Bg7 10. d4 0-0 11. e3 Qc7 12. Ng5 h6 13. Ne4 Be6 14. Nxf6+ Bxf6 15. Qc2 Rfd8 16. Bd2 Bg7 17. Rac1 Qd7 18. Rfe1 Bh3 19. Bh1 Be6 20. Ba5 Re8 21. Bc3 Red8 22. b3 Qc7 23. Ba1 Rac8 24. Qc5 a6 25. Bc3 Qd6 26. Qb6 Qd7 27. Red1 h5 28. Ba5 Re8 29. Qc5 Qd6 30. Bb6 Bf6 31. e4 Qxc5 32. Rxc5 Bh3 33. e5 Bg7 34. Rdc1 e6 35. Be4 Bf8 36. R5c4 Be7 37. R1c2 Bd8 38. Bc5 Be7 39. b4 Bxc5 40. bxc5 Rc7 41. a4 Kg7 42. a5 Bg4 43. f3 Bh3 44. Rb2 Ree7 45. Rcb4 Kg8 46. Bd3 Red7 47. Kf2 Kf8 48. g4 h4 49. Be2 g5 50. R2b3 Bg2 51. Kxg2 Kg7 52. f4 Kh6 53. f5 Kg7 54. Rf3 exf5 55. gxf5 f6 56. e6 Re7 57. Rfb3 Kf8 58. Kf2 Kg8 59. Ke1 Kf8 60. Kd2 Kg8 61. Kc3 Kf8 62. Kc4 Rg7 63. d5 cxd5+ 64. Kxd5 Rc8 65. Ke4 Rd8 66. Rxb7 Rxb7 67. Rxb7 Rd2 68. Ke3 Rd5 69. e7+ Ke8 70. Bh5# 1-0

[Event "Hallstahammar op"]
[Site "Hallstahammar"]
[Date "2004.09.12"]
[Round "7"]
[White "Wickstrom, Lucas"]
[Black "Eriksson, Hans G"]
[Result "1-0"]
[WhiteElo "1921"]
[BlackElo "1737"]
[PlyCount "77"]
[EventDate "2004.09.10"]
[EventType "swiss"]
[EventRounds "8"]
[EventCountry "SWE"]
[SourceTitle "EXT 2005"]
[Source "ChessBase"]
[SourceDate "2004.11.15"]
[SourceVersion "1"]
[SourceVersionDate "2004.11.15"]
[SourceQuality "1"]

1. d4 Nf6 2. c4 e6 3. Nc3 d5 4. Bg5 Be7 5. cxd5 Nxd5 6. Bxe7 Qxe7 7. e4 Nxc3 8. bxc3 0-0 9. Nf3 b6 10. Bd3 Bb7 11. 0-0 Nd7 12. e5 c5 13. Nd2 cxd4 14. cxd4 Qh4 15. Nc4 Qg5 16. f3 Bd5 17. Nd6 Qf4 18. Be4 Nf6 19. Kh1 Ne8 20. g3 Qe3 21. Bxd5 exd5 22. Nf5 Qg5 23. Qd3 g6 24. Ne3 Nc7 25. f4 Qd8 26. f5 Qg5 27. Kg2 h5 28. Rac1 Rac8 29. fxg6 fxg6 30. Rxf8+ Kxf8 31. Qf1+ Kg8 32. Nxd5 Qd2+ 33. Kh1 Rf8 34. Nf6+ Rxf6 35. exf6 Qxd4 36. Rxc7 Qd8 37. Qc4+ Kh8 38. Rc8 Kh7 39. Rxd8 1-0

[Event "Hallstahammar op"]
[Site "Hallstahammar"]
[Date "2004.09.11"]
[Round "6"]
[White "Eriksson, Hans G"]
[Black "Forssell, Joel"]
[Result "1-0"]
[WhiteElo "1737"]
[BlackElo "1529"]
[PlyCount "73"]
[EventDate "2004.09.10"]
[EventType "swiss"]
[EventRounds "8"]
[EventCountry "SWE"]
[SourceTitle "EXT 2005"]
[Source "ChessBase"]
[SourceDate "2004.11.15"]
[SourceVersion "1"]
[SourceVersionDate "2004.11.15"]
[SourceQuality "1"]

1. Nf3 d5 2. c4 c6 3. g3 Nf6 4. Bg2 dxc4 5. Qc2 b5 6. b3 cxb3 7. axb3 Qb6 8. Bb2 Bb7 9. Bd4 Qc7 10. Be5 Qb6 11. Nc3 Nbd7 12. Bf4 Rc8 13. Be3 c5 14. 0-0 e6 15. Rfc1 a6 16. Qd1 Qc7 17. d4 cxd4 18. Nxb5 Qd8 19. Nbxd4 Rxc1 20. Rxc1 Ba3 21. Rc2 0-0 22. Bd2 Bd6 23. Bc3 Be4 24. Ra2 e5 25. Nc2 Qc7 26. Ba5 Qc6 27. Ne3 Bc5 28. Nc4 Ng4 29. e3 f6 30. Rd2 Nb6 31. Bxb6 Bxb6 32. Rd6 Rd8 33. Rxd8+ Bxd8 34. Qxd8+ Kf7 35. Ng5+ fxg5 36. Bxe4 Qh6 37. Qd7+ 1-0

[Event "Hallstahammar op"]
[Site "Hallstahammar"]
[Date "2004.09.11"]
[Round "5"]
[White "Orndahl, Markus"]
[Black "Eriksson, Hans G"]
[Result "1-0"]
[WhiteElo "1927"]
[BlackElo "1737"]
[PlyCount "77"]
[EventDate "2004.09.10"]
[EventType "swiss"]
[EventRounds "8"]
[EventCountry "SWE"]
[SourceTitle "EXT 2005"]
[Source "ChessBase"]
[SourceDate "2004.11.15"]
[SourceVersion "1"]
[SourceVersionDate "2004.11.15"]
[SourceQuality "1"]

1. e4 c5 2. Nf3 Nc6 3. d4 cxd4 4. Nxd4 e5 5. Nb5 a6 6. Nd6+ Bxd6 7. Qxd6 Qf6 8. Qd1 Qg6 9. Nc3 Nge7 10. g3 d6 11. Bg2 0-0 12. 0-0 Nd4 13. Be3 Nec6 14. Nd5 Be6 15. c3 Nb5 16. a4 Nba7 17. b4 Bxd5 18. Qxd5 Nc8 19. Rfd1 Rd8 20. b5 N8e7 21. Qd3 axb5 22. axb5 Rxa1 23. Rxa1 d5 24. bxc6 Nxc6 25. Rd1 d4 26. cxd4 exd4 27. Bf4 Qe6 28. Rb1 Qd7 29. Rb5 Qc8 30. e5 Qa8 31. Be4 h6 32. Qb1 g5 33. Bd2 Kg7 34. Rxb7 Qc8 35. Bf5 Qa8 36. e6 Ne5 37. Qe4 Kf6 38. exf7 Qa2 39. Rb6+ 1-0

[Event "Hallstahammar op"]
[Site "Hallstahammar"]
[Date "2003.09.14"]
[Round "6"]
[White "Eriksson, Hans G"]
[Black "Urbel, Aavo"]
[Result "1-0"]
[WhiteElo "1739"]
[BlackElo "1397"]
[PlyCount "53"]
[EventDate "2003.09.12"]
[EventType "swiss"]
[EventRounds "7"]
[EventCountry "SWE"]
[SourceTitle "CBM 096 Extra"]
[Source "ChessBase"]
[SourceDate "2003.10.22"]
[SourceVersion "2"]
[SourceVersionDate "2003.10.20"]
[SourceQuality "1"]

1. Nf3 g6 2. d4 d5 3. c4 Nf6 4. Nc3 c6 5. cxd5 cxd5 6. h3 Bg7 7. Bf4 Bf5 8. e3 Nbd7 9. Qb3 Nb6 10. Bb5+ Bd7 11. Bxd7+ Qxd7 12. Ne5 Qe6 13. Nb5 Qc8 14. 0-0 0-0 15. Rac1 Qd8 16. Rc2 a6 17. Nc7 Nfd7 18. Nxd7 Nxd7 19. Nxa8 Qxa8 20. Rc7 Nf6 21. Rxb7 e6 22. Rc1 a5 23. a4 Qa6 24. Rc2 h6 25. Bb8 Qa8 26. Rcc7 Nd7 27. Rxd7 1-0

[Event "Hallstahammar op"]
[Site "Hallstahammar"]
[Date "2003.09.13"]
[Round "4"]
[White "Eriksson, Hans G"]
[Black "Jiretorn, Eva"]
[Result "0-1"]
[WhiteElo "1739"]
[BlackElo "2195"]
[PlyCount "70"]
[EventDate "2003.09.12"]
[EventType "swiss"]
[EventRounds "7"]
[EventCountry "SWE"]
[SourceTitle "CBM 096 Extra"]
[Source "ChessBase"]
[SourceDate "2003.10.22"]
[SourceVersion "2"]
[SourceVersionDate "2003.10.20"]
[SourceQuality "1"]

1. Nf3 c5 2. c4 Nc6 3. Nc3 e5 4. g3 g6 5. Bg2 Bg7 6. 0-0 d6 7. d3 Nge7 8. Bd2 0-0 9. a3 a5 10. Qc2 h6 11. Rab1 Be6 12. Na4 f5 13. e3 e4 14. dxe4 fxe4 15. Ne1 Ne5 16. Bxe4 Bxc4 17. Bd3 Ba2 18. Ra1 Be6 19. f4 Nxd3 20. Nxd3 c4 21. Nf2 b5 22. Nc3 Qb6 23. h3 d5 24. Kh2 Rad8 25. Rae1 Bf5 26. Qc1 Nc6 27. e4 dxe4 28. Ncxe4 Nd4 29. Be3 Nf3+ 30. Kg2 Nxe1+ 31. Rxe1 Qc6 32. Bd2 Rfe8 33. Kf3 Bd4 34. Bxa5 Rd7 35. g4 Bxf2 0-1

[Event "Hallstahammar op"]
[Site "Hallstahammar"]
[Date "2001.09.09"]
[Round "6"]
[White "Strom, Leif"]
[Black "Eriksson, Hans G"]
[Result "1-0"]
[WhiteElo "1811"]
[BlackElo "1620"]
[PlyCount "131"]
[EventDate "2001.??.??"]
[EventType "swiss"]
[EventRounds "7"]
[EventCountry "SWE"]
[SourceTitle "EXT 2006"]
[Source "ChessBase"]
[SourceDate "2005.11.24"]
[SourceVersion "1"]
[SourceVersionDate "2005.11.24"]
[SourceQuality "1"]

1. c4 Nf6 2. Nc3 g6 3. Nf3 Bg7 4. g3 0-0 5. Bg2 c6 6. 0-0 d5 7. cxd5 cxd5 8. d4 Nc6 9. h3 Re8 10. Bf4 Nh5 11. Bg5 h6 12. Bc1 Nf6 13. Ne5 e6 14. Nxc6 bxc6 15. Bf4 Nh5 16. Bd2 Qb6 17. g4 Nf6 18. Qc1 Kh7 19. Be3 Ng8 20. Qd2 Qb4 21. a3 Qf8 22. Rac1 f5 23. g5 hxg5 24. Bxg5 e5 25. dxe5 Bxe5 26. Bf4 Ba6 27. Bxe5 Rxe5 28. Qf4 Rae8 29. Rfe1 Bc4 30. e3 Qf6 31. Qd4 R8e7 32. f4 Rxe3 33. Qxf6 Nxf6 34. Rxe3 Rxe3 35. Kf2 Re7 36. Bf3 Ne4+ 37. Bxe4 fxe4 38. Nd1 Bb5 39. Ke3 Kh6 40. Kd4 Kh5 41. Ne3 Rf7 42. Ke5 a5 43. Rg1 Be2 44. Rg5+ Kh6 45. Rg2 Bf3 46. Rc2 Rd7 47. Rxc6 Kh7 48. Kd4 Rb7 49. Nxd5 Rd7 50. Rc7 Rxc7 51. Nxc7 a4 52. Ke3 Bg2 53. Ne6 Bf1 54. Ng5+ Kg7 55. Kxe4 Bb5 56. Ne6+ Kf6 57. Nd4 Bd7 58. Kd5 Bxh3 59. Ne2 Be6+ 60. Kc5 Bd7 61. Nd4 g5 62. fxg5+ Kxg5 63. Kb4 Kf6 64. Nb5 Ke7 65. Kxa4 Kd8 66. Ka5 1-0